| 000 | 00536nam a2200205Ia 4500 | ||
|---|---|---|---|
| 005 | 20250505124931.0 | ||
| 008 | 008 250505s9999 xx 000 0 eng d | ||
| 037 | _aReference | ||
| 040 |
_aLCO _beng _cLCO |
||
| 041 |
_aeng _2eng |
||
| 084 |
_aV2.2 R0 _qLCO |
||
| 100 | _aKhosla, Madhav | ||
| 245 | 0 |
_aIndia's founding moment _c Madhav Khosla |
|
| 260 |
_aIndia _bHarvard University Press _c2020 |
||
| 300 | _a219 | ||
| 365 |
_aINR _b599 |
||
| 650 | _aLaw | ||
| 942 |
_cREF _hV2.2 R0 |
||
| 999 |
_c1310734 _d1310734 |
||